|
|
|
|
| LEADER |
00000nam a22000007a 4500 |
| 005 |
20220407211422.0 |
| 007 |
cr|||| |||| |
| 008 |
220407s2019 br |||||s|||| 00||0 por d |
| 020 |
|
|
|a 978-85-301-0060-5
|
| 035 |
|
|
|a 36033
|
| 040 |
|
|
|a vLex
|
| 090 |
|
|
|c 13127
|d 13127
|
| 100 |
1 |
|
|a Pretti, Gleibe
|
| 245 |
1 |
0 |
|a Direito Processual do Trabalho
|h [Recurso electrn̤ico] :
|b Conforme a Reforma Trabalhista da Lei n. 13.467/2017 e a IN n. 41/2018 do TST /
|c Gleibe Pretti
|
| 256 |
|
|
|a Servicio en ln̕ea
|
| 260 |
|
|
|a San Pablo:
|b LTR,
|c 2019
|
| 300 |
|
|
|a 1 recurso electrn̤ico
|
| 500 |
|
|
|a Caro leitor(a), obrigado pela confianȧ que voc ̊tem em nosso trabalho. Voc ̊est ̀com dificuldade em entender direito processual do trabalho? Com a reforma trabalhista est ̀com receio de aplicar o conhecimento em provas ou na prt̀ica? Est ̀estudando e observando decise̳s desfavorv̀eis aos clientes no tribunal? Essas sô as maiores dificuldades que os profissionais estô encarando no dia a dia e nosso objetivo com essa obra ,̌ justamente, atender estas necessidades. O maior risco que o profissional pode ter na prt̀ica, ̌de nô saber aplicar a lei correta no caso concreto, pois, alm̌ de ser uma falha profissional, certamente o resultado ser ̀injusto. Dessa forma, a leitura e a consulta deste livro se faz necessr̀ia com o objetivo de saber quais foram as novidades no tema e a sua aplicaȯ̂ prt̀ica. Bons estudos.
|
| 506 |
1 |
|
|a Disponible solo en los productos indicados
|d vLex Global
|d vLex Global (Academic Edition, excluding Law Schools)
|d vLex Global (U.S. Academic Edition, Law Schools)
|d vLex Global (U.S. Academic Edition, excluding Law Schools)
|d vLex Global (Academic Edition, Law Schools)
|
| 650 |
0 |
4 |
|a Procedimiento Laboral
|z Brasil
|
| 740 |
0 |
|
|a vLex Libros (Servicio en ln̕ea)
|
| 856 |
4 |
0 |
|u https://app.vlex.com/#/sources/36033
|z Acceso restringido
|
| 942 |
|
|
|c BOOK
|
| 999 |
0 |
|
|a Labor Procedure
|